How well do you know TXT ? (easy) - quiz kpop - Statistics

General Stats
  • This quiz has been taken 618 times
  • The average score is 17 of 21
Answer Stats
Hint Answer % Correct
Who is the oldest ? Yeonjun
99%
Who is the youngest ? Huening Kai
98%
Under which agency are they ? Hybe
98%
What is their debut song ? Crown
94%
Who is the leader ? Soobin
94%
Who is the shortest ? Taehyun
93%
Who is Korean-American ? Huening Kai
91%
Who said "bye guys, hi ladies, mmwah" ? Soobin
91%
Who makes fun of Yeonjun ? Beomgyu
86%
Who is your bias ? Mine : Beomgyu
86%
Who says "feel like Cinderella" ? Yeonjun
86%
Who has the Bamgeut plushy ? Beomgyu
85%
Who is exercising a lot ? Taehyun
83%
What is Taehyun's english name ? Terry
80%
With who did they feature on "Do it like that" ? Jonas Brothers
78%
What is the meaning of MOA ? Moments Of Alwaysness
64%
What is the name of "Good Boy Gone Bad" album ? Minisode 2 : Thursday's child
60%
What is their debut date ? (MM/DD/YYYY) 03/04/2019
57%
What is the name of the unit song of Yeonjun and Soobin ? The Killa (I Belong to You)
56%
What is their first English song ? Magic
49%
What is the full name of "Run Away" ? 9 and Three Quarters (Run Away)
44%
No matching quizzes found
Score Distribution
Percent of People with Each Score
Percentile by Number Answered
Your Score History
You have not taken this quiz